Parenting young children./ (Record no. 7552)

MARC details
000 -LEADER
fixed length control field 00737nam a22001817a 4500
008 - FIXED-LENGTH DATA ELEMENTS--GENERAL INFORMATION
fixed length control field 200727b xxu||||| |||| 00| 0 eng d
020 ## - INTERNATIONAL STANDARD BOOK NUMBER
International Standard Book Number 0886713560
050 ## - LIBRARY OF CONGRESS CALL NUMBER
Classification number HQ755.8.D58
100 ## - MAIN ENTRY--PERSONAL NAME
Personal name Dinkmeyer, Don Sr
245 ## - TITLE STATEMENT
Title Parenting young children./
Remainder of title Don Dinkmeyer,Sr et al
260 ## - PUBLICATION, DISTRIBUTION, ETC.
Place of publication, distribution, etc. Minnesota:
Name of publisher, distributor, etc. American Guidance Service,
Date of publication, distribution, etc. 1989.
300 ## - PHYSICAL DESCRIPTION
Extent ix,157p.
521 ## - TARGET AUDIENCE NOTE
Target audience note Understanding young children Understanding young children's behavior Building self-esteem in the early years Communicating with young children Helping young children learn to cooperate Effective discipline Nurturing emotional and social development
650 ## - SUBJECT ADDED ENTRY--TOPICAL TERM
Topical term or geographic name entry element Parenting
700 ## - ADDED ENTRY--PERSONAL NAME
Personal name McKay, Gary D.
700 ## - ADDED ENTRY--PERSONAL NAME
Personal name Dinkmeyer, James S
942 ## - ADDED ENTRY ELEMENTS (KOHA)
Source of classification or shelving scheme Library of Congress Classification
Koha item type Books
Holdings
Withdrawn status Lost status Source of classification or shelving scheme Damaged status Not for loan Home library Current library Shelving location Date acquired Full call number Barcode Date last seen Price effective from Koha item type
    Library of Congress Classification     WISCONSIN INTERNATIONAL UNIVERSITY COLLEGE, GHANA KUMASI LIBRARY WISCONSIN INTERNATIONAL UNIVERSITY COLLEGE, GHANA KUMASI LIBRARY General Stacks 15/11/2019 HQ755.8.D58 K/2466/2466/19 27/07/2020 27/07/2020 Books

If you have any concerns or questions; kindly contact the library


© Powered by WIUC ICT DIRECTORATE